Homes away from home (Record no. 67206)

MARC details
000 -LEADER
fixed length control field 00442nam a22001697a 4500
005 - DATE AND TIME OF LATEST TRANSACTION
control field 20260413115053.0
008 - FIXED-LENGTH DATA ELEMENTS--GENERAL INFORMATION
fixed length control field 260413b |||||||| |||| 00| 0 eng d
020 ## - INTERNATIONAL STANDARD BOOK NUMBER
International Standard Book Number 9783961710133
040 ## - CATALOGING SOURCE
Transcribing agency PK-LaNCA
082 ## - DEWEY DECIMAL CLASSIFICATION NUMBER
Classification number 747.883
Item number BIN
100 ## - MAIN ENTRY--PERSONAL NAME
Author Name Bingham, Claire
245 ## - TITLE STATEMENT
Title Homes away from home
260 ## - PUBLICATION, DISTRIBUTION, ETC.
Place of publication, distribution, etc. teNeues Publishing Group
Name of publisher, distributor, etc. Berlin
Date of publication, distribution, etc. 2017
300 ## - PHYSICAL DESCRIPTION
Pages Pages unmarked,; ills
650 ## - SUBJECT ADDED ENTRY--TOPICAL TERM
Subject Homes - Interior design
942 ## - ADDED ENTRY ELEMENTS (KOHA)
Koha item type Book
999 ## -
-- 67206
-- 67206
Holdings
Withdrawn status Weedout from Library Permanent Location Current Location Shelving location Date acquired Full call number Barcode Price effective from Koha item type
    NATIONAL COLLEGE OF ARTS, LAHORE - LIBRARY NATIONAL COLLEGE OF ARTS, LAHORE - LIBRARY General Section Library Basement 13/04/2026 747.883 BIN 38157 38157 13/04/2026 Book